<?xml version="1.0" encoding="UTF-8"?>
<record
    xmlns:xsi="http://www.w3.org/2001/XMLSchema-instance"
    xsi:schemaLocation="http://www.loc.gov/MARC21/slim http://www.loc.gov/standards/marcxml/schema/MARC21slim.xsd"
    xmlns="http://www.loc.gov/MARC21/slim">

  <leader>00754nam a2200181 i 4500</leader>
  <controlfield tag="001">31981</controlfield>
  <controlfield tag="003">ES-MaACL</controlfield>
  <controlfield tag="005">20250726220144.0</controlfield>
  <controlfield tag="007">t|</controlfield>
  <controlfield tag="008">030205s1920    sp           ||||1| spa d</controlfield>
  <datafield tag="110" ind1="2" ind2=" ">
    <subfield code="a">Real Conservatorio de M&#xFA;sica y Declamaci&#xF3;n (Madrid)</subfield>
    <subfield code="9">6354</subfield>
  </datafield>
  <datafield tag="245" ind1="1" ind2="0">
    <subfield code="a">Memoria del curso de 1919 a 1920, precedida del discurso le&#xED;do por el Director D. Tom&#xE1;s Bret&#xF3;n y Hern&#xE1;ndez en la solemne distribuci&#xF3;n de premios</subfield>
    <subfield code="b">: estados y cuentas.</subfield>
  </datafield>
  <datafield tag="260" ind1=" " ind2=" ">
    <subfield code="a">Madrid : </subfield>
    <subfield code="b">Real Conservatorio de M&#xFA;sica y Declamaci&#xF3;n, </subfield>
    <subfield code="c">1920.</subfield>
  </datafield>
  <datafield tag="610" ind1="2" ind2="4">
    <subfield code="a">Real Conservatorio de M&#xFA;sica y Declamaci&#xF3;n (Madrid)-</subfield>
    <subfield code="v">Memorias.</subfield>
    <subfield code="9">155956</subfield>
  </datafield>
  <datafield tag="700" ind1="1" ind2=" ">
    <subfield code="a">Bret&#xF3;n, Tom&#xE1;s,</subfield>
    <subfield code="d">1850-1923</subfield>
    <subfield code="9">31633</subfield>
  </datafield>
  <datafield tag="852" ind1=" " ind2=" ">
    <subfield code="a">ES-MaACL</subfield>
    <subfield code="j">1526-F-19</subfield>
  </datafield>
  <datafield tag="999" ind1=" " ind2=" ">
    <subfield code="c">31981</subfield>
    <subfield code="d">31981</subfield>
  </datafield>
  <datafield tag="952" ind1=" " ind2=" ">
    <subfield code="0">0</subfield>
    <subfield code="1">0</subfield>
    <subfield code="4">0</subfield>
    <subfield code="7">0</subfield>
    <subfield code="8">Colecci&#xF3;n_de_folletos</subfield>
    <subfield code="a">ATENEOM</subfield>
    <subfield code="b">ATENEOM</subfield>
    <subfield code="c">DEPOF</subfield>
    <subfield code="d">2008-01-17</subfield>
    <subfield code="e">SC</subfield>
    <subfield code="l">0</subfield>
    <subfield code="o">1526-F-19</subfield>
    <subfield code="p">1033080</subfield>
    <subfield code="r">2023-02-23 00:00:00</subfield>
    <subfield code="w">2023-02-23</subfield>
    <subfield code="y">FOLLETOS</subfield>
  </datafield>
</record>
